000 00598nam a22001937a 4500
003 dpl
005 20180726150748.0
008 180726b xxu||||| |||| 00| 0 eng d
020 _a817648413X
_c0.00
035 _aB-091420
040 _aDPL
_bEN
_c0
082 _a351.00954
245 _aPublic Administration in India /
_bCurrent Perspectives
_cEdited by C.P.Barthwal [and] Kumkum Kishore
260 _aNew Delhi
_bA.P.H.Publishing Corporation
_c2003
300 _av;520p.;
_c21cm
500 _aincludes Index
700 _aKishore,Kumkum
942 _2ddc
_cEN
_h351.00954
_mPUB
999 _c154905
_d154905